000 02471cam a2200433 a 4500
001 16332140
003 BJBSDDR
005 20260424114818.0
007 ta
008 100714s2010 nyuak 001 0 eng
010 _a 2010487313
020 _a9780825637230
035 _a16332140
040 _aDLC
_cDLC
_beng
041 _aeng
043 _an-us---
050 0 0 _aKF4298
_bE68i 2010
082 0 0 _a343.7309/9
_222
100 1 _aErickson, J. Gunnar
_d1946-
_948042
245 1 4 _aThe independent film producer's survival guide :
_ba business and legal sourcebook /
_cGunnar Erickson, Harris Tulchin, Mark Halloran.
250 _a3rd ed.
260 _aNew York :
_bSchirmer Trade Books,
_cc2010.
300 _axv, 464 p. :
_bill., forms ;
_c23 cm.
336 _atext
_btxt
_2rdacontent
337 _aunmediated
_bn
_2rdamedia
338 _avolume
_bnc
_2rdacarrier
500 _aIncludes index.
505 0 _aHow to use this book -- Deal making -- The development process -- Getting the star elements -- Private money and soft money financing -- Presales -- Production loans -- Setting up the production -- Hiring writers -- Hiring directors -- Hiring actors -- Hiring producers and other production personnel -- Releases and miscellaneous production matters -- Music in film -- Selling your completed independent feature -- Distribution, sales, agency, and licensing agreements -- Digital promotion, marketing, and distribution -- Key issues in online distribution -- Profits -- The last scene and closing credits.
520 _aIn this comprehensive guidebook, three experienced entertainment lawyers tell you everything you need to know to produce and market an independent filmâfrom the development process to deal making, financing, setting up the production, hiring directors and actors, securing location rights, acquiring music, calculating profits, digital moving making, distribution, and marketing your movie. This all-new second edition has been completed updated.
650 0 _aIndependent filmmakers
_xLegal status, laws, etc.
_zUnited States.
650 0 _aMotion pictures
_xLaw and legislation
_zUnited States.
700 1 _aTulchin, Harris.
_948043
700 1 _aHalloran, Mark E.
_948044
906 _a7
_bcbc
_corigcop
_d2
_encip
_f20
_gy-gencatlg
942 _2lcc
_cBK
_n0
946 _idpf
999 _c126918
_d126918